|
|
|
|
| LEADER |
00000nab a2200000 a 4500 |
| 001 |
vtls000783900 |
| 003 |
SK-MaSNL |
| 005 |
20260304182453.0 |
| 008 |
250429c2001 xo 0 slo |
| 015 |
|
|
|a SNBRB2002/02-05634
|
| 035 |
|
|
|a CLN000135580
|
| 035 |
|
|
|a (urnnbn)urn:nbn:sk:snk:ar-004f7s
|
| 035 |
|
|
|a (uuid)df367810-919d-457d-85dd-ddc3f267a183
|
| 035 |
|
|
|a urn:nbn:sk:snk-ab7w1b
|
| 040 |
|
|
|a SNKBUCL
|b slo
|c SNKBUCL
|e AACR2
|
| 041 |
0 |
|
|a slo
|
| 044 |
|
|
|a xo
|c SK
|
| 080 |
|
|
|a 943.76"1944"
|2 1997
|
| 080 |
|
|
|a 354.11(497.2)"1944":943.76
|2 1997
|
| 100 |
1 |
|
|a Rychlík, Jan,
|d 1954-
|4 aut
|9 103613
|
| 245 |
1 |
0 |
|a Obdobie pred Slovenským národným povstaním v správach bulharských diplomatov
|c Jan Rychlík
|
| 500 |
|
|
|a Poznámky pod čiarou
|
| 504 |
|
|
|a Bibliogr. odkazy
|
| 610 |
1 |
7 |
|a Bulharsko
|b Ministerstvo zahraničných vecí
|2 SNKKA
|9 1513540
|
| 648 |
|
7 |
|a január-august 1944
|2 SNK
|9 1513547
|
| 650 |
0 |
7 |
|a diplomati
|2 SNKPH
|9 2220
|
| 651 |
|
7 |
|a Slovensko
|x dejiny
|2 SNKPHgeo
|9 13278
|
| 655 |
|
7 |
|a články z novín a časopisov
|2 snkbucl
|9 267496
|
| 773 |
0 |
|
|t Historický časopis
|g Roč. 49, č. 3 (2001), s. 515-534
|x 0018-2575
|
| 850 |
|
|
|a Slovenská národná knižnica
|
| 852 |
|
|
|a Slovenská národná knižnica
|
| 954 |
|
|
|a odborná, vedecká literatúra pôvodná (slovenská)
|2 lita
|
| 958 |
|
|
|a article9
|
| 958 |
|
|
|a OND
|
| 958 |
|
|
|a OS
|
| 958 |
|
|
|a BG
|
| 958 |
|
|
|a NB
|
| 958 |
|
|
|a SK
|
| 958 |
|
|
|a EUIPO
|
| 992 |
|
|
|a RBX
|
| 999 |
|
|
|c 3029513
|d 3031443
|